<?xml version="1.0" encoding="UTF-8"?>
<record
    xmlns:xsi="http://www.w3.org/2001/XMLSchema-instance"
    xsi:schemaLocation="http://www.loc.gov/MARC21/slim http://www.loc.gov/standards/marcxml/schema/MARC21slim.xsd"
    xmlns="http://www.loc.gov/MARC21/slim">

  <leader>03895njm a2200733Ia 4500</leader>
  <controlfield tag="001">20206</controlfield>
  <controlfield tag="003">IT-RoPAU</controlfield>
  <controlfield tag="005">20220918181139.0</controlfield>
  <controlfield tag="008">131025s9999    xx            000 0 und d</controlfield>
  <datafield tag="040" ind1=" " ind2=" ">
    <subfield code="a">IT-RoPAU</subfield>
    <subfield code="c">IT-RoPAU</subfield>
  </datafield>
  <datafield tag="040" ind1=" " ind2=" ">
    <subfield code="c">IT-RoPAU</subfield>
  </datafield>
  <datafield tag="041" ind1=" " ind2=" ">
    <subfield code="a">ITALIANO</subfield>
  </datafield>
  <datafield tag="999" ind1=" " ind2=" ">
    <subfield code="c">101155</subfield>
    <subfield code="d">101155</subfield>
  </datafield>
  <datafield tag="999" ind1=" " ind2=" ">
    <subfield code="b">n.d.</subfield>
  </datafield>
  <datafield tag="100" ind1=" " ind2=" ">
    <subfield code="a">AA.VV.</subfield>
    <subfield code="9">794</subfield>
  </datafield>
  <datafield tag="100" ind1=" " ind2=" ">
    <subfield code="e">Autore musica</subfield>
    <subfield code="9">795</subfield>
  </datafield>
  <datafield tag="100" ind1=" " ind2=" ">
    <subfield code="g">Codice Autore Musica SPICS: 12000</subfield>
    <subfield code="9">796</subfield>
  </datafield>
  <datafield tag="245" ind1=" " ind2=" ">
    <subfield code="a">Noel 2 (Lp Noel 3002)</subfield>
  </datafield>
  <datafield tag="250" ind1=" " ind2=" ">
    <subfield code="a">1a ed.</subfield>
  </datafield>
  <datafield tag="260" ind1=" " ind2=" ">
    <subfield code="a">ALBANO</subfield>
  </datafield>
  <datafield tag="260" ind1=" " ind2=" ">
    <subfield code="b">EP - MUSICALI E DISCOGRAFICHE</subfield>
  </datafield>
  <datafield tag="300" ind1=" " ind2=" ">
    <subfield code="a">DISCO</subfield>
  </datafield>
  <datafield tag="300" ind1=" " ind2=" ">
    <subfield code="c">43 minuti (Testo:  pag.)</subfield>
  </datafield>
  <datafield tag="500" ind1=" " ind2=" ">
    <subfield code="a">Musica Natalizia -  Canzoni natalizie</subfield>
  </datafield>
  <datafield tag="505" ind1=" " ind2=" ">
    <subfield code="a">Oggi &#xE8; nato il redentor (03:00) - Silent Night (03:00) - Marcia dei re Magi (03:00) - Ges&#xF9; bambino nasce (03:00) - Saint Nicolas (03:00) - Pastorale natalizia (03:00) - Tu scendi dalle stelle (03:00) - Inch'Allah (05:00) - Buon Natale fratello (03:00) - Bianco Natale (04:00) - Buon Natale mio amor (03:00) - Nostalgia di Natale (03:00) - Soli a Natale (02:00) - Tu es venu de loin (04:00)</subfield>
  </datafield>
  <datafield tag="511" ind1=" " ind2=" ">
    <subfield code="a">Franco IV e Franco I (Oggi &#xE8; nato il redentor)</subfield>
  </datafield>
  <datafield tag="511" ind1=" " ind2=" ">
    <subfield code="a">Roberts Rocky (Silent Night)</subfield>
  </datafield>
  <datafield tag="511" ind1=" " ind2=" ">
    <subfield code="a">I Camaleonti (Marcia dei re Magi)</subfield>
  </datafield>
  <datafield tag="511" ind1=" " ind2=" ">
    <subfield code="a">Colli Ombretta (Ges&#xF9; bambino nasce)</subfield>
  </datafield>
  <datafield tag="511" ind1=" " ind2=" ">
    <subfield code="a">Regine (Saint Nicolas)</subfield>
  </datafield>
  <datafield tag="511" ind1=" " ind2=" ">
    <subfield code="a">Profazio Otello (Pastorale natalizia)</subfield>
  </datafield>
  <datafield tag="511" ind1=" " ind2=" ">
    <subfield code="a">Power Romina (Tu scendi dalle stelle)</subfield>
  </datafield>
  <datafield tag="511" ind1=" " ind2=" ">
    <subfield code="a">Adamo S. (Inch'Allah)</subfield>
  </datafield>
  <datafield tag="511" ind1=" " ind2=" ">
    <subfield code="a">Fratello Rosanna (Buon Natale fratello)</subfield>
  </datafield>
  <datafield tag="511" ind1=" " ind2=" ">
    <subfield code="a">Al Bano-Carrisi (Bianco Natale)</subfield>
  </datafield>
  <datafield tag="511" ind1=" " ind2=" ">
    <subfield code="a">Iannetti Isabella (Buon Natale mio amor)</subfield>
  </datafield>
  <datafield tag="511" ind1=" " ind2=" ">
    <subfield code="a">Ghezzi Dori (Nostalgia di Natale)</subfield>
  </datafield>
  <datafield tag="511" ind1=" " ind2=" ">
    <subfield code="a">Little Tony (Soli a Natale)</subfield>
  </datafield>
  <datafield tag="511" ind1=" " ind2=" ">
    <subfield code="a">Becaud Gilbert (Tu es venu de loin)</subfield>
  </datafield>
  <datafield tag="650" ind1=" " ind2=" ">
    <subfield code="a">CANTI DI NATALE [DISCHI]</subfield>
    <subfield code="e">Codice MATERIA SPICS: 9950</subfield>
    <subfield code="9">797</subfield>
  </datafield>
  <datafield tag="700" ind1=" " ind2=" ">
    <subfield code="a">AA.VV.</subfield>
    <subfield code="e">Autore testo e musica</subfield>
    <subfield code="g">Codice Autore Testo/Musica SPICS: 12000</subfield>
    <subfield code="9">798</subfield>
  </datafield>
  <datafield tag="700" ind1=" " ind2=" ">
    <subfield code="a">AA.VV.</subfield>
    <subfield code="g">Codice Autore -SPICS: 12000</subfield>
    <subfield code="9">799</subfield>
  </datafield>
  <datafield tag="700" ind1=" " ind2=" ">
    <subfield code="a">Sonago</subfield>
    <subfield code="g">Codice Autore Musica SPICS: 24199</subfield>
    <subfield code="p">Oggi &#xE8; nato il redentor</subfield>
    <subfield code="9">806</subfield>
  </datafield>
  <datafield tag="700" ind1=" " ind2=" ">
    <subfield code="a">Sharade </subfield>
    <subfield code="g">Codice Autore Testo/Musica SPICS: 24198</subfield>
    <subfield code="p">Oggi &#xE8; nato il redentor</subfield>
    <subfield code="9">807</subfield>
  </datafield>
  <datafield tag="700" ind1=" " ind2=" ">
    <subfield code="a">Gruber Franz</subfield>
    <subfield code="g">Codice Autore Musica SPICS: 10935</subfield>
    <subfield code="p">Silent Night</subfield>
    <subfield code="9">808</subfield>
  </datafield>
  <datafield tag="700" ind1=" " ind2=" ">
    <subfield code="a">Anonimo</subfield>
    <subfield code="g">Codice Autore Musica SPICS:  2620</subfield>
    <subfield code="p">Marcia dei re Magi - Ges&#xF9; bambino nasce</subfield>
    <subfield code="9">809</subfield>
  </datafield>
  <datafield tag="700" ind1=" " ind2=" ">
    <subfield code="a">Marnay Eddy</subfield>
    <subfield code="g">Codice Autore Musica SPICS: 15590</subfield>
    <subfield code="p">Saint Nicolas</subfield>
    <subfield code="9">810</subfield>
  </datafield>
  <datafield tag="700" ind1=" " ind2=" ">
    <subfield code="a">Stern E.</subfield>
    <subfield code="g">Codice Autore Testo/Musica SPICS: 15589</subfield>
    <subfield code="p">Saint Nicolas</subfield>
    <subfield code="9">811</subfield>
  </datafield>
  <datafield tag="700" ind1=" " ind2=" ">
    <subfield code="a">Profazio Otello</subfield>
    <subfield code="g">Codice Autore Musica SPICS: 13231</subfield>
    <subfield code="p">Pastorale natalizia</subfield>
    <subfield code="9">812</subfield>
  </datafield>
  <datafield tag="700" ind1=" " ind2=" ">
    <subfield code="a">Sant'Alfonso Maria De' Liguori</subfield>
    <subfield code="g">Codice Autore Musica SPICS: 23101</subfield>
    <subfield code="p">Tu scendi dalle stelle</subfield>
    <subfield code="9">813</subfield>
  </datafield>
  <datafield tag="700" ind1=" " ind2=" ">
    <subfield code="a">Adamo S.</subfield>
    <subfield code="g">Codice Autore Musica SPICS: 13230</subfield>
    <subfield code="p">Inch'Allah</subfield>
    <subfield code="9">814</subfield>
  </datafield>
  <datafield tag="700" ind1=" " ind2=" ">
    <subfield code="a">Carlos Wendy</subfield>
    <subfield code="g">Codice Autore Musica SPICS: 13269</subfield>
    <subfield code="p">Buon Natale fratello</subfield>
    <subfield code="9">815</subfield>
  </datafield>
  <datafield tag="700" ind1=" " ind2=" ">
    <subfield code="a">Cassia </subfield>
    <subfield code="g">Codice Autore Testo/Musica SPICS: 16005</subfield>
    <subfield code="p">Buon Natale fratello</subfield>
    <subfield code="9">816</subfield>
  </datafield>
  <datafield tag="700" ind1=" " ind2=" ">
    <subfield code="a">Devilli (Curci Alberto)</subfield>
    <subfield code="g">Codice Autore Musica SPICS: 13392</subfield>
    <subfield code="p">Bianco Natale</subfield>
    <subfield code="9">817</subfield>
  </datafield>
  <datafield tag="700" ind1=" " ind2=" ">
    <subfield code="a">Berlin </subfield>
    <subfield code="g">Codice Autore Testo/Musica SPICS: 20144</subfield>
    <subfield code="p">Bianco Natale</subfield>
    <subfield code="9">818</subfield>
  </datafield>
  <datafield tag="700" ind1=" " ind2=" ">
    <subfield code="a">Locatelli</subfield>
    <subfield code="g">Codice Autore Musica SPICS: 14065</subfield>
    <subfield code="p">Buon Natale mio amor</subfield>
    <subfield code="9">819</subfield>
  </datafield>
  <datafield tag="700" ind1=" " ind2=" ">
    <subfield code="a">Cassano Franco</subfield>
    <subfield code="g">Codice Autore Musica SPICS: 11745</subfield>
    <subfield code="p">Nostalgia di Natale</subfield>
    <subfield code="9">820</subfield>
  </datafield>
  <datafield tag="700" ind1=" " ind2=" ">
    <subfield code="a">Napolitano Umberto</subfield>
    <subfield code="g">Codice Autore Testo/Musica SPICS: 13867</subfield>
    <subfield code="p">Nostalgia di Natale</subfield>
    <subfield code="9">821</subfield>
  </datafield>
  <datafield tag="700" ind1=" " ind2=" ">
    <subfield code="a">Johnson</subfield>
    <subfield code="g">Codice Autore Musica SPICS: 20146</subfield>
    <subfield code="p">Soli a Natale</subfield>
    <subfield code="9">822</subfield>
  </datafield>
  <datafield tag="700" ind1=" " ind2=" ">
    <subfield code="a">Hayes Isaac</subfield>
    <subfield code="g">Codice Interprete SPICS: 10946</subfield>
    <subfield code="p">Soli a Natale</subfield>
    <subfield code="9">823</subfield>
  </datafield>
  <datafield tag="700" ind1=" " ind2=" ">
    <subfield code="a">Ciotti Danilo</subfield>
    <subfield code="g">Codice Autore Testo/Musica SPICS: 14051</subfield>
    <subfield code="9">824</subfield>
  </datafield>
  <datafield tag="700" ind1=" " ind2=" ">
    <subfield code="a">Becaud Gilbert</subfield>
    <subfield code="g">Codice Autore Musica SPICS: 10748</subfield>
    <subfield code="p">Tu es venu de loin</subfield>
    <subfield code="9">825</subfield>
  </datafield>
  <datafield tag="700" ind1=" " ind2=" ">
    <subfield code="a">Amade L.</subfield>
    <subfield code="g">Codice Autore Testo/Musica SPICS: 15606</subfield>
    <subfield code="p">Tu es venu de loin</subfield>
    <subfield code="9">826</subfield>
  </datafield>
  <datafield tag="942" ind1=" " ind2=" ">
    <subfield code="c">MD</subfield>
    <subfield code="2">ddc</subfield>
  </datafield>
  <datafield tag="952" ind1=" " ind2=" ">
    <subfield code="0">0</subfield>
    <subfield code="1">0</subfield>
    <subfield code="4">0</subfield>
    <subfield code="6">20206_000000000000000</subfield>
    <subfield code="7">1</subfield>
    <subfield code="a">SPICS</subfield>
    <subfield code="b">SPICS</subfield>
    <subfield code="d">2013-10-25</subfield>
    <subfield code="l">0</subfield>
    <subfield code="o">20206</subfield>
    <subfield code="r">2013-10-25 00:00:00</subfield>
    <subfield code="w">2013-10-25</subfield>
    <subfield code="y">MD</subfield>
    <subfield code="z">Progr. Ins.: 3518 / N.Vol.: 1 / Copie: 2 - Copia rara: n.d. / date import: 01.01.2014 - By Epidotti, Trombetti, Vaglietti</subfield>
  </datafield>
</record>
